书目信息 |
| 题名: |
黎曼几何与张量解析
|
|
| 作者: | 拉舍夫斯基 , Рашевский 著 ;俞玉森 译 | |
| 分册: | 下册 | |
| 出版信息: | 北京 高等教育出版社 1958 |
|
| 页数: | 338页 | |
| 开本: | 20cm | |
| 丛书名: | ||
| 单 册: | ||
| 中图分类: | O186.12 | |
| 科图分类: | ||
| 主题词: | 黎曼几何 , 张量分析 | |
| 电子资源: | ||
| ISBN: | 13010.388 | |
| 000 | 00887nam0 2200289---450- | |
| 001 | 0105544776 | |
| 005 | 20070802084614.0 | |
| 010 | @a13010.388@dCNY1.20 | |
| 091 | @a13010.388@dCNY1.20 | |
| 100 | @a20070802d1958 em y0chiy0120 ea | |
| 101 | 1 | @achi@crus |
| 102 | @aCN@b110000 | |
| 105 | @aa j 000yy | |
| 106 | @ar | |
| 200 | 1 | @a黎曼几何与张量解析@9Li Man Ji He Yu Zhang Liang Jie;Xie Xi @f(苏)洛薛夫斯基(П.К.Рашевский)著@g俞玉森译@h下册@b专著 |
| 210 | @a北京@c高等教育出版社@d1958 | |
| 215 | @a338页@d20cm | |
| 300 | @a高等学校教学用书 | |
| 304 | @a著者通译:П.К.拉舍夫斯基 | |
| 606 | 0 | @a黎曼几何 |
| 606 | 0 | @a张量分析 |
| 690 | @aO186.12@v3 | |
| 701 | 1 | @a拉舍夫斯基@9la she fu si ji@bП.К.@4著 |
| 701 | 1 | @aРашевский@bП.К.@4著 |
| 702 | 0 | @a俞玉森@9yu yu sen@4译 |
| 801 | 0 | @aCN@bAiZhiMarc |
| 905 | @aBZT@dO186.12@e1:2@f1@sO186.12/1:2 | |
| 黎曼几何与张量解析/(苏)洛薛夫斯基(П.К.Рашевский)著/俞玉森译.下册.-北京:高等教育出版社,1958 |
| 338页;20cm |
| 高等学校教学用书 |
| ISBN 13010.388:CNY1.20 |
| ● |
| 相关链接 |
|
|
|
正题名:黎曼几何与张量解析
索取号:O186.12/1:2
 
预约/预借
| 序号 | 登录号 | 条形码 | 馆藏地/架位号 | 状态 | 备注 |
| 1 | 2000142356 | 2000142356 | 旧书回溯/ [索取号:O186.12/1:2] | 在馆 |